000 00575nam a2200205Ia 4500
005 20250508162524.0
008 008 250505s9999 xx 000 0 eng d
020 _a81-7024-017-4
037 _aTextual
040 _aFEDL
_beng
_cFEDL
041 _aeng
_2eng
084 _a330.954, VAR
_qFEDL
100 _aVarghese K. V.
_9605719
245 0 _aEconomic problems of modern India
260 _aNew Delhi, India
_bAshish Publishing House
_c1985
300 _avi,311p
650 _aEconomics
942 _cTEXL
_h330.954, VAR
999 _c1377065
_d1377065